| 000 | 00407ntaaa2200169 4500 | ||
|---|---|---|---|
| 003 | 01 | ||
| 005 | 20251027201942.0 | ||
| 008 | 0714s1973 ag 01 | ||
| 040 |
_aAR-BaBN _bspa _cAR-BaBN _eaacr _dRIC |
||
| 082 | _a248.0000 C43 | ||
| 100 |
_aChiang Kai-shek, Madame _918116 |
||
| 245 | _aSure victory | ||
| 250 |
_a1 ed. : _bF. H. Revell, _cc/955 |
||
| 300 | _a45 p. | ||
| 650 | _aVida Cristiana | ||
| 942 | _cBK | ||
| 999 |
_c14260 _d14260 |
||